Welcome to CU Library Online Public Access Catalogue (OPAC)

Human resource management; (Record no. 5770)

MARC details
000 -LEADER
fixed length control field 01953nam a22001937a 4500
005 - DATE AND TIME OF LATEST TRANSACTION
control field 20250514165958.0
008 - FIXED-LENGTH DATA ELEMENTS--GENERAL INFORMATION
fixed length control field 250514b |||||||| |||| 00| 0 eng d
020 ## - INTERNATIONAL STANDARD BOOK NUMBER
International Standard Book Number 9780030223778
050 ## - LIBRARY OF CONGRESS CALL NUMBER
Classification number HF5549
Item number ANT
100 ## - MAIN ENTRY--PERSONAL NAME
Personal name Anthony P. William
245 ## - TITLE STATEMENT
Title Human resource management;
Remainder of title a strategic approach
250 ## - EDITION STATEMENT
Edition statement 3rd
260 ## - PUBLICATION, DISTRIBUTION, ETC.
Place of publication, distribution, etc. Philadelphia
Name of publisher, distributor, etc. Harcourt Harcourt, Inc. t
Date of publication, distribution, etc. c1999
300 ## - PHYSICAL DESCRIPTION
Extent xxi, 904p
700 ## - ADDED ENTRY--PERSONAL NAME
Personal name Pamela L. Perrewe
700 ## - ADDED ENTRY--PERSONAL NAME
Personal name Kacmar, Michele K.
700 ## - ADDED ENTRY--PERSONAL NAME
Personal name Karmar Michele K
942 ## - ADDED ENTRY ELEMENTS (KOHA)
Source of classification or shelving scheme Library of Congress Classification
Koha item type Books
Suppress in OPAC No
999 ## -
-- 5770
-- 5770
Holdings
Withdrawn status Lost status Source of classification or shelving scheme Damaged status Not for loan Collection Home library Current library Shelving location Date acquired Total checkouts Full call number Barcode Date last seen Copy number Price effective from Koha item type Public note
    Library of Congress Classification     Non-fiction Graduate Library (Christ Temple) Graduate Library (Christ Temple) General stacks 02/11/2026   HF 5549...ANT GSCT00002314 02/11/2026 1 02/11/2026 Books EAQ
    Library of Congress Classification     Non-fiction Graduate Library (Christ Temple) Graduate Library (Christ Temple) General stacks 02/11/2026   HF 5549...ANT GSCT00002315 02/11/2026 2 02/11/2026 Books EAQ
    Library of Congress Classification     Non-fiction Graduate Library (Christ Temple) Graduate Library (Christ Temple) General stacks 02/11/2026   HF 5549...ANT GSCT00002316 02/11/2026 3 02/11/2026 Books EAQ
    Library of Congress Classification     Non-fiction Undergraduate Library (Christ Temple) Undergraduate Library (Christ Temple) General stacks 05/14/2025   HF5549 ANT ulct00002383 05/14/2025 1 05/14/2025 Books  
    Library of Congress Classification     Non-fiction Undergraduate Library (Christ Temple) Undergraduate Library (Christ Temple) General stacks 05/14/2025   HF5549 ANT ulct00002384 05/14/2025 2 05/14/2025 Books  
    Library of Congress Classification     Non-fiction Undergraduate Library (Christ Temple) Undergraduate Library (Christ Temple) General stacks 05/14/2025   HF5549 ANT ulct00002385 05/14/2025 3 05/14/2025 Books  
© 2023-2024 Copyright: Central University Libraries. All Rights Reserved | Created by: Mahone Tech Office